Tractatvs de secunda supplicatione sive... (Record no. 33496)
[ view plain ]
| 000 -CABECERA | |
|---|---|
| campo de control de longitud fija | 00250nam a2200097 a 4500 |
| 005 - FECHA Y HORA DE LA ÚLTIMA TRANSACCIÓN | |
| campo de control | 20200930070708.0 |
| 008 - DATOS DE LONGITUD FIJA--INFORMACIÓN GENERAL | |
| campo de control de longitud fija | 110920s1690 000 spa d |
| 040 ## - FUENTE DE LA CATALOGACIÓN | |
| Centro catalogador/agencia de origen | DO-SdBNP |
| 245 #0 - MENCIÓN DE TÍTULO | |
| Título | Tractatvs de secunda supplicatione sive... |
| 260 ## - PUBLICACIÓN, DISTRIBUCIÓN, ETC. | |
| Lugar de publicación, distribución, etc. | s.l., |
| Fecha de publicación, distribución, etc. | 1690. |
No items available.
